| 000 | 00995nmc a2200337 a 4500 | ||
|---|---|---|---|
| 003 | AR-BaBNM | ||
| 005 | 20251128210109.0 | ||
| 008 | 011101s1997 ||||||||||||||000 | spa|| | ||
| 020 | _a950-808-133-3 | ||
| 040 | _cAR-BaBNM | ||
| 245 | 1 | 0 |
_aMatemática hoy en la EGB _b¿qué enseñar? ¿cómo? ¿para qué? : estrategias didácticas |
| 250 | _a1ª ed. | ||
| 260 |
_aRosario _bHomo Sapiens Ediciones _c1997 |
||
| 300 | 0 | _a122 p. | |
| 490 | 0 | _aEducación | |
| 504 | _aContiene bibliografía p. 121-122 | ||
| 650 | 4 | _aENSENANZA DE LAS MATEMATICAS | |
| 650 | 4 | _aDIDACTICA | |
| 650 | 4 | _aMETODOS DE ENSENANZA | |
| 650 | 4 | _aSOLUCION DE PROBLEMAS | |
| 650 | 4 | _aTECNOLOGIA | |
| 650 | 4 | _aACTIVIDADES DE APRENDIZAJE | |
| 653 | 0 | _aEDUCACION GENERAL BASICA | |
| 653 | 0 | _aPROBLEMAS [MATEMATICA] | |
| 700 | 1 | _aBuschiazzo, Noemí | |
| 700 | 1 | _aCattáneo, Liliana | |
| 700 | 1 | _aFilipputti, Susana B. | |
| 700 | 1 | _aHinrichsen, Susana S. de | |
| 700 | 1 | _aLagreca, Noemí | |
| 942 | _cBK | ||
| 999 |
_c14031 _d14031 |
||